000 00577nam a22001817a 4500
003 OSt
005 20240702084547.0
008 240702b |||||||| |||| 00| 0 eng d
020 _a978621416068
040 _aDWC- Main Lib
_cOC
082 _aFil. 657.004 V172i 2019
100 _aValix, Conrado T., BSC, LLB
245 _aIntermediate accounting 2019 :
_bVolume 2 /
_cConrado T., BSC, LLB Valix.
260 _a Manila, Philippines:
_bGIC Enterprises & CO., Inc.
_cc2019.
300 _a932 pages :
_billustrations;
_c23cm.
650 _a1. Accounting
942 _2ddc
_cBK - FIL
_n1
999 _c1833
_d1833